[Event "Bad Pyrmont Pape op-B 2nd"]
[Site "Bad Pyrmont"]
[Date "2023.08.11"]
[Round "2"]
[White "Wahl, Bernhard"]
[Black "Thuernau, Constantin"]
[Result "1-0"]
[WhiteElo "1805"]
[BlackElo "1318"]
[PlyCount "87"]
[EventDate "2023.08.10"]
[EventType "swiss"]
[EventCountry "GER"]
[SourceTitle "EXT 2024"]
[Source "ChessBase"]
[SourceDate "2023.10.10"]
[SourceVersion "1"]
[SourceVersionDate "2023.10.10"]
[SourceQuality "1"]

1. e4 c5 2. Nf3 d6 3. Bc4 Nf6 4. d3 g6 5. 0-0 Bg7 6. c3 0-0 7. h3 Nc6 8. Na3 Bd7 9. Bb3 e6 10. Bf4 Bc8 11. Qd2 a6 12. Bd1 b6 13. Nc4 d5 14. exd5 exd5 15. Nce5 Nxe5 16. Bxe5 Bb7 17. d4 Ne4 18. Qd3 a5 19. b3 a4 20. Bxg7 Kxg7 21. Nd2 axb3 22. dxc5 bxc5 23. Nxe4 Ba6 24. c4 dxe4 25. Qxb3 Qd4 26. Be2 Rfb8 27. Rfd1 Qb2 28. Qe3 Rd8 29. Rdb1 Qd4 30. Rd1 Qxe3 31. fxe3 Rab8 32. Rxd8 Rxd8 33. a4 Rd2 34. Kf1 Rc2 35. a5 Kf8 36. Ke1 Bxc4 37. Bxc4 Rxc4 38. a6 Rc3 39. Ke2 Rd3 40. a7 Kg7 41. a8Q c4 42. Qxe4 f5 43. Ra7+ Kf6 44. Qe7# 1-0

[Event "Davos Summer op 21st"]
[Site "Davos"]
[Date "2022.08.05"]
[Round "1"]
[White "Delmonico, Nils"]
[Black "Thuernau, Constantin"]
[Result "1-0"]
[WhiteElo "1944"]
[BlackElo "1313"]
[PlyCount "79"]
[EventDate "2022.08.05"]
[EventType "swiss"]
[EventRounds "5"]
[EventCountry "SUI"]
[SourceTitle "CBM 209 Extra"]
[Source "ChessBase"]
[SourceDate "2022.09.30"]
[SourceVersion "1"]
[SourceVersionDate "2022.09.30"]
[SourceQuality "1"]

1. d4 d5 2. Nf3 Nc6 3. c3 Nf6 4. Bf4 e6 5. e3 Bd6 6. Bd3 Bxf4 7. exf4 0-0 8. Nbd2 Bd7 9. 0-0 b6 10. Ne5 Nxe5 11. fxe5 Ne8 12. f4 c5 13. Bxh7+ Kxh7 14. Qh5+ Kg8 15. Rf3 f6 16. Rh3 Bc6 17. Nf3 Nc7 18. Re1 Be8 19. Qh7+ Kf7 20. Rg3 Rg8 21. f5 Kf8 22. exf6 Qxf6 23. fxe6 Nxe6 24. Nh4 Bf7 25. Rf3 Nf4 26. g3 g5 27. Kh1 gxh4 28. Rxf4 Qg6 29. Qxh4 Re8 30. Ref1 Re7 31. Rf5 Ke8 32. Qf4 Rb7 33. dxc5 Rf8 34. Re1+ Kd7 35. Rf6 Qg7 36. c6+ Kc8 37. cxb7+ Kxb7 38. Re7+ Ka8 39. Qc7 d4 40. Qxa7# 1-0